[Event "CN Seniori 2012"]
[Site "Sarata Monteoru/Romania"]
[Date "2012.02.15"]
[Round "4.5"]
[White "Miron, Lucian-Costin"]
[Black "Petrisor, Adrian-Marian"]
[Result "0-1"]
[WhiteElo "2525"]
[BlackElo "2385"]
[PlyCount "54"]
[EventDate "2012.??.??"]
[TimeControl "40/5400+30:900+30"]

1. d4 Nf6 2. c4 g6 3. Nf3 Bg7 4. g3 O-O 5. Bg2 d6 6. O-O c6 7. Nc3 Qa5 8. e4 e5
9. h3 Nbd7 10. Re1 exd4 11. Nxd4 Ne5 12. Bf1 Re8 13. f4 Ned7 14. Rb1 d5 15. e5
Ne4 16. Nxe4 dxe4 17. b4 Qd8 18. c5 Nf8 19. Bb2 a5 20. b5 Qd5 21. Qc2 Ne6 22.
Rxe4 Qxc5 23. Qxc5 Nxc5 24. Re3 Bd7 25. bxc6 bxc6 26. Rc1 Na4 27. Ba3 Rec8 0-1

[Event "CN Seniori 2012"]
[Site "Sarata Monteoru/Romania"]
[Date "2012.02.15"]
[Round "4.6"]
[White "Dumitrache, Dragos-Nicolae"]
[Black "Florescu, Codrut-Constantin"]
[Result "1/2-1/2"]
[WhiteElo "2460"]
[BlackElo "2282"]
[PlyCount "80"]
[EventDate "2012.??.??"]
[TimeControl "40/5400+30:900+30"]

1. d4 Nf6 2. c4 e6 3. Nf3 b6 4. g3 Ba6 5. Qa4 c6 6. Bg2 Be7 7. Nc3 O-O 8. O-O
d5 9. Ne5 Qe8 10. b3 b5 11. Qa5 bxc4 12. bxc4 Nfd7 13. Nxc6 Bxc4 14. Nxe7+ Qxe7
15. Ba3 Qd8 16. Qxd8 Rxd8 17. Rfb1 Nc6 18. e3 Rab8 19. Bd6 Rxb1+ 20. Rxb1 Nf6
21. Bc5 Nd7 22. Bd6 Nf6 23. Ba3 Rb8 24. Rxb8+ Nxb8 25. Bf3 Nc6 26. Bd1 Ne4 27.
Nxe4 dxe4 28. Ba4 Bd5 29. Bc5 a6 30. a3 f5 31. Bd1 Na5 32. Kf1 Kf7 33. Ke1 Nc4
34. Be2 Ke8 35. g4 g5 36. gxf5 exf5 37. Kd1 Nb2+ 38. Kd2 Nd3 39. Bxd3 exd3 40.
Kxd3 g4 1/2-1/2

[Event "CN Seniori 2012"]
[Site "Sarata Monteoru/Romania"]
[Date "2012.02.15"]
[Round "4.7"]
[White "Dobre, Claudiu-Cristian"]
[Black "Manea, Alexandru"]
[Result "1/2-1/2"]
[WhiteElo "2354"]
[BlackElo "2429"]
[PlyCount "79"]
[EventDate "2012.??.??"]
[TimeControl "40/5400+30:900+30"]

1. d4 Nf6 2. Nf3 e6 3. Bg5 h6 4. Bxf6 Qxf6 5. e4 c5 6. e5 Qf4 7. Nc3 cxd4 8.
Qxd4 Qxd4 9. Nxd4 Nc6 10. Nxc6 bxc6 11. Ne4 Be7 12. O-O-O Rb8 13. c3 f6 14.
Nd6+ Bxd6 15. exd6 Rb6 16. Be2 Kf7 17. f4 Ba6 18. Rhe1 Rhb8 19. b3 Bxe2 20.
Rxe2 Ra6 21. Rdd2 Rb5 22. c4 Rf5 23. Re4 h5 24. Kb2 Rb6 25. Kc3 c5 26. a3 a5
27. h4 Rb8 28. Rd3 Rb6 29. Rd1 Rb8 30. Rd3 Rb6 31. Rd1 Rb7 32. Rd3 Rb8 33. Rd1
Rb6 34. Rd3 Rb8 35. Rd1 Rb6 36. Rd3 Rb7 37. Rd1 Rb8 38. Rd3 Rb6 39. Rd1 Rb8 40.
Rd3 1/2-1/2

[Event "CN Seniori 2012"]
[Site "Sarata Monteoru/Romania"]
[Date "2012.02.15"]
[Round "4.8"]
[White "Ciobanu, Aurelian"]
[Black "Georgescu, Tiberiu-Marian"]
[Result "0-1"]
[WhiteElo "2276"]
[BlackElo "2415"]
[PlyCount "79"]
[EventDate "2012.??.??"]
[TimeControl "40/5400+30:900+30"]

1. e4 c6 2. d4 d5 3. exd5 cxd5 4. c4 Nf6 5. Nc3 e6 6. Nf3 Bb4 7. Bd3 dxc4 8.
Bxc4 O-O 9. O-O Nbd7 10. a3 Bxc3 11. bxc3 Qc7 12. Qd3 b6 13. Re1 Bb7 14. Ba2
Rac8 15. Bd2 Rfd8 16. Rac1 Qd6 17. Ng5 Nf8 18. f3 Qxa3 19. Ra1 Qe7 20. Bb1 Bd5
21. Ne4 Bc4 22. Qc2 Nxe4 23. fxe4 e5 24. Be3 Ne6 25. Qf2 Rd7 26. dxe5 Nc5 27.
Qg3 Re8 28. Bf4 Bb3 29. h4 Qe6 30. Kh2 a5 31. Ra3 a4 32. Re3 Rd1 33. Bd3 Rxd3
34. Rxd3 Nxd3 35. Qxd3 Qe7 36. Qb5 Qxh4+ 37. Kg1 Rd8 38. g3 Rd1+ 39. Kf2 Qh2+
40. Ke3 0-1

[Event "CN Seniori 2012"]
[Site "Sarata Monteoru/Romania"]
[Date "2012.02.15"]
[Round "4.9"]
[White "Parligras, Mircea-Emilian"]
[Black "Varlan, Hervig-Ioan"]
[Result "1-0"]
[WhiteElo "2650"]
[BlackElo "2184"]
[PlyCount "100"]
[EventDate "2012.??.??"]
[TimeControl "40/5400+30:900+30"]

1. d4 Nf6 2. c4 g6 3. Nc3 d5 4. cxd5 Nxd5 5. e4 Nxc3 6. bxc3 Bg7 7. Be3 c5 8.
Rc1 cxd4 9. cxd4 O-O 10. Qd2 Nc6 11. Nf3 Bd7 12. Be2 a6 13. O-O Rc8 14. d5 Ne5
15. Nxe5 Bxe5 16. f4 Bg7 17. Qb4 b5 18. e5 Re8 19. Bf3 Bf5 20. Rc6 Rxc6 21.
dxc6 g5 22. Rd1 Qc8 23. Qd4 gxf4 24. Bxf4 Qc7 25. h4 Be6 26. h5 h6 27. Qe3 Rd8
28. Rxd8+ Qxd8 29. Qa7 Qa5 30. Qb8+ Bf8 31. Kh2 Qb4 32. Bg3 Qb1 33. c7 Qf5 34.
Qb7 Bc8 35. Qe4 Qxe4 36. Bxe4 e6 37. Bh4 Bc5 38. g4 Be3 39. Kg3 b4 40. Kf3 Bd2
41. Bc6 a5 42. Ke4 Bc3 43. Be7 Kg7 44. Bf6+ Kg8 45. Kd3 Ba6+ 46. Kc2 Bc8 47.
Kb3 Bd2 48. Ka4 Be1 49. Kb5 Bd2 50. Kb6 Be3+ 1-0

[Event "CN Seniori 2012"]
[Site "Sarata Monteoru/Romania"]
[Date "2012.02.15"]
[Round "4.11"]
[White "Senetia, Teodor"]
[Black "Jianu, Vlad"]
[Result "0-1"]
[WhiteElo "2198"]
[BlackElo "2508"]
[PlyCount "158"]
[EventDate "2012.??.??"]
[TimeControl "40/5400+30:900+30"]

1. e4 c5 2. Nf3 d6 3. d4 cxd4 4. Nxd4 Nf6 5. Nc3 g6 6. Be2 Bg7 7. O-O Nc6 8.
Nb3 O-O 9. Re1 Be6 10. Bf1 Rc8 11. Nd5 Ne5 12. c3 Nc4 13. Bxc4 Rxc4 14. Qd3 Rc8
15. Bg5 Bxd5 16. exd5 Re8 17. Re2 Qd7 18. Rae1 h6 19. Bxf6 Bxf6 20. Nd2 b5 21.
Ne4 Be5 22. a3 a5 23. Nd2 Qb7 24. Nb3 Qb6 25. Qe3 Qxe3 26. Rxe3 b4 27. axb4
axb4 28. cxb4 Rc2 29. R3e2 Rxe2 30. Rxe2 Rb8 31. Na5 Rxb4 32. Nc6 Rb5 33. Nxe5
dxe5 34. Rxe5 Rxb2 35. g4 Kf8 36. Re3 Rb4 37. h3 Rd4 38. Kg2 Rxd5 39. Ra3 Kg7
40. Ra6 Rd6 41. Ra8 e5 42. Re8 Kf6 43. Kg3 Re6 44. Rh8 Kg7 45. Ra8 Rb6 46. Re8
Rb3+ 47. Kg2 Kf6 48. h4 Rb4 49. Kg3 Ra4 50. Rh8 Kg7 51. Re8 Ra3+ 52. Kg2 Kf6
53. Rh8 Ra5 54. Kf3 Ra1 55. Re8 Rg1 56. Ra8 Rd1 57. Rh8 Rh1 58. g5+ Kg7 59. Re8
Rxh4 60. gxh6+ Kf6 61. Rh8 Kg5 62. h7 Kf5 63. Kg3 g5 64. f3 f6 65. Kf2 Kg6 66.
Rg8+ Kxh7 67. Ra8 Kg6 68. Kg3 Rb4 69. Ra3 Kf5 70. Rc3 g4 71. Ra3 Rf4 72. fxg4+
Rxg4+ 73. Kf2 e4 74. Ra6 Ke5 75. Ke3 Rg3+ 76. Kf2 Rb3 77. Ke2 f5 78. Ra1 Rb2+
79. Kf1 Kf4 0-1

[Event "CN Seniori 2012"]
[Site "Sarata Monteoru/Romania"]
[Date "2012.02.15"]
[Round "4.12"]
[White "Filip, Lucian"]
[Black "Horvat, Dan"]
[Result "1-0"]
[WhiteElo "2490"]
[BlackElo "2197"]
[PlyCount "67"]
[EventDate "2012.??.??"]
[TimeControl "40/5400+30:900+30"]

1. d4 d5 2. Nf3 Nf6 3. c4 c6 4. Nc3 a6 5. e3 b5 6. c5 Nbd7 7. a3 a5 8. Bd2 Qc7
9. b4 e5 10. Be2 Be7 11. O-O h5 12. Ne1 Ng4 13. f4 e4 14. Nc2 a4 15. h3 Nh6 16.
Bxh5 Nf5 17. Be1 Nf6 18. Be2 Bd7 19. Rb1 g6 20. Bf2 O-O-O 21. Nxa4 bxa4 22.
Ba6+ Kb8 23. b5 cxb5 24. Bxb5 Bxb5 25. Rxb5+ Kc8 26. Nb4 Kd7 27. Qxa4 Ke6 28.
Na6 Qa7 29. Rfb1 Rd7 30. Rb6+ Nd6 31. Qc6 Ra8 32. cxd6 Bxd6 33. Nc5+ Ke7 34.
Nxd7 1-0

[Event "CN Seniori 2012"]
[Site "Sarata Monteoru/Romania"]
[Date "2012.02.15"]
[Round "4.13"]
[White "Baciu, Stefan"]
[Black "Berescu, Alin-Mile"]
[Result "0-1"]
[WhiteElo "2222"]
[BlackElo "2488"]
[PlyCount "98"]
[EventDate "2012.??.??"]
[TimeControl "40/5400+30:900+30"]

1. d4 d5 2. c4 e6 3. Nc3 Nf6 4. Bg5 c6 5. e3 Nbd7 6. cxd5 exd5 7. Qc2 Be7 8.
Bd3 Nf8 9. h3 Ne6 10. Bxf6 Bxf6 11. Nf3 g6 12. O-O a5 13. Ne2 O-O 14. Rab1 Ng7
15. a3 a4 16. Nc3 Qa5 17. Qd2 Bf5 18. g4 Bxd3 19. Qxd3 Rfe8 20. Qc2 Re6 21. Kg2
Ne8 22. Ne1 Nd6 23. Nd3 Nc4 24. Rbe1 b5 25. Re2 Rae8 26. Rfe1 Qa7 27. Nc5 R6e7
28. Na2 Qc7 29. Nb4 Bh4 30. e4 dxe4 31. Rxe4 Rxe4 32. Nxe4 Re6 33. Re2 Qd8 34.
Nc3 Rxe2 35. Qxe2 Qxd4 36. Nxc6 Qc5 37. Nb4 Nxa3 38. Qe8+ Kg7 39. Nd3 Qd4 40.
Qe2 Nc4 41. Ne1 Bf6 42. g5 Bxg5 43. Nf3 Qf4 44. Nxb5 Bf6 45. Nbd4 Ne5 46. Qb5
Nxf3 47. Nxf3 Qe4 48. Kg3 Qc2 49. Ne1 Qxb2 0-1

[Event "CN Seniori 2012"]
[Site "Sarata Monteoru/Romania"]
[Date "2012.02.15"]
[Round "4.14"]
[White "Danilov, Vladimir"]
[Black "Paval, George"]
[Result "1-0"]
[WhiteElo "2440"]
[BlackElo "2229"]
[PlyCount "85"]
[EventDate "2012.??.??"]
[TimeControl "40/5400+30:900+30"]

1. Nf3 Nf6 2. g3 g6 3. Bg2 Bg7 4. O-O O-O 5. d4 d5 6. c4 c6 7. cxd5 cxd5 8. Ne5
e6 9. Nc3 Nfd7 10. f4 f6 11. Nd3 f5 12. Be3 Nc6 13. Ne5 Nf6 14. Nxc6 bxc6 15.
Na4 Rb8 16. b3 Ne4 17. Rc1 Bd7 18. Bxe4 fxe4 19. Rc2 Rf7 20. Bf2 Bf8 21. e3 g5
22. Be1 Rg7 23. Nc5 gxf4 24. exf4 Bxc5 25. dxc5 Qe7 26. Qd4 e5 27. fxe5 Be6 28.
Rcf2 Bh3 29. e6 Bxf1 30. Bc3 Rf8 31. Kxf1 Rxf2+ 32. Kxf2 Qg5 33. Qxg7+ Qxg7 34.
Bxg7 Kxg7 35. Ke3 Kf6 36. b4 Kxe6 37. Kf4 a6 38. g4 h6 39. h4 Kf6 40. a4 Ke6
41. g5 hxg5+ 42. hxg5 Ke7 43. g6 1-0

[Event "CN Seniori 2012"]
[Site "Sarata Monteoru/Romania"]
[Date "2012.02.15"]
[Round "4.15"]
[White "Baratosi, Daniel"]
[Black "Gulie, Cosmin"]
[Result "1-0"]
[WhiteElo "2418"]
[BlackElo "2133"]
[PlyCount "131"]
[EventDate "2012.??.??"]
[TimeControl "40/5400+30:900+30"]

1. e4 c5 2. Nf3 d6 3. d4 cxd4 4. Nxd4 Nf6 5. Nc3 g6 6. Be3 Bg7 7. f3 a6 8. Qd2
Nbd7 9. O-O-O b5 10. Kb1 Bb7 11. Nde2 Rc8 12. Nf4 Ne5 13. Nfd5 Nxd5 14. Nxd5
Bxd5 15. exd5 Nc4 16. Bxc4 Rxc4 17. Bh6 Bxh6 18. Qxh6 Qc8 19. Qg7 Rf8 20. Rd2
Qf5 21. Re1 Rc7 22. Qxh7 Qf6 23. Qh6 Rh8 24. Qe3 Rb7 25. g3 Rh5 26. f4 Kf8 27.
h4 Kg7 28. Qa3 Ra7 29. Qa5 Qf5 30. Qb6 Qd7 31. Qd4+ Kg8 32. Rde2 Qb7 33. Rxe7
Qxe7 34. Rxe7 Rxe7 35. a3 Rb7 36. b3 Rc7 37. Kb2 Rc5 38. c4 bxc4 39. bxc4 Kf8
40. Kc3 Ke7 41. Kd3 a5 42. a4 Rc7 43. Qc3 Rc8 44. Qxa5 Rhh8 45. Qa7+ Kf6 46. a5
Rhd8 47. Kc3 Ra8 48. Qb6 Rab8 49. Qd4+ Ke7 50. f5 gxf5 51. h5 Rg8 52. Qe3+ Kf6
53. Qd4+ Ke7 54. Qe3+ Kf6 55. c5 dxc5 56. d6 Rbe8 57. Qh6+ Ke5 58. d7 Rd8 59.
Qc6 Rxg3+ 60. Kc4 Rgg8 61. Kxc5 f4 62. Qd5+ Kf6 63. Kd6 Rg5 64. Qe4 Kg7 65. h6+
Kxh6 66. Qxf4 1-0

[Event "CN Seniori 2012"]
[Site "Sarata Monteoru/Romania"]
[Date "2012.02.15"]
[Round "4.16"]
[White "Anton, Teodor"]
[Black "Stegariu, Vlad-Ionut"]
[Result "1-0"]
[WhiteElo "2393"]
[BlackElo "2202"]
[PlyCount "56"]
[EventDate "2012.??.??"]
[TimeControl "40/5400+30:900+30"]

1. d4 Nf6 2. c4 g6 3. Nf3 Bg7 4. g3 d6 5. Bg2 O-O 6. O-O Nc6 7. Nc3 a6 8. h3
Rb8 9. e4 e5 10. d5 Na5 11. Qe2 b5 12. cxb5 axb5 13. b4 Nc4 14. a4 Bd7 15. axb5
Nb6 16. Nd2 Qe8 17. Re1 Nh5 18. Nb3 f5 19. Na5 f4 20. g4 f3 21. Bxf3 Nf4 22.
Bxf4 exf4 23. Qd3 Bc8 24. Nc6 Rb7 25. e5 dxe5 26. Ne4 Nd7 27. Ra8 Kh8 28. Nc5
Nb6 1-0

[Event "CN Seniori 2012"]
[Site "Sarata Monteoru/Romania"]
[Date "2012.02.15"]
[Round "4.17"]
[White "Malureanu, Costin"]
[Black "Balla, Tamas-Kristof"]
[Result "1/2-1/2"]
[WhiteElo "2139"]
[BlackElo "2377"]
[PlyCount "118"]
[EventDate "2012.??.??"]
[TimeControl "40/5400+30:900+30"]

1. e4 c5 2. Nf3 e6 3. d4 cxd4 4. Nxd4 a6 5. Be2 Qc7 6. O-O Nf6 7. Nc3 Nc6 8.
Be3 b5 9. a3 Bb7 10. Kh1 Na5 11. Bd3 Nc4 12. Bxc4 bxc4 13. f3 Be7 14. Qd2 O-O
15. Rfe1 d6 16. b4 cxb3 17. cxb3 d5 18. Rec1 dxe4 19. Nxe4 Qe5 20. Bf4 Qd5 21.
Rc7 Rfd8 22. Rxe7 Nxe4 23. fxe4 Qxe4 24. Be3 e5 25. Qf2 Bd5 26. Rf1 Rac8 27.
Nf3 Re8 28. Rxe8+ Rxe8 29. Bc5 Bxb3 30. Nd2 Qd5 31. Qf3 Qxf3 32. gxf3 Bd5 33.
Rb1 f5 34. Rb6 Rc8 35. Bb4 e4 36. Rd6 Bb7 37. Re6 exf3 38. Kg1 g5 39. Re5 Be4
40. Nxe4 fxe4 41. Rxe4 Rc2 42. Rg4 h6 43. Rg3 Rc1+ 44. Kf2 Rc2+ 45. Kxf3 Rxh2
46. Kg4 Kf7 47. Rc3 Rh4+ 48. Kg3 Rf4 49. Rc7+ Kg6 50. Bc3 h5 51. Rc6+ Kf5 52.
Rf6+ Ke4 53. Re6+ Kf5 54. Re5+ Kg6 55. Ra5 h4+ 56. Kg2 Rc4 57. Rxa6+ Kf5 58.
Bd2 Rc2 59. Rd6 Ra2 1/2-1/2

[Event "CN Seniori 2012"]
[Site "Sarata Monteoru/Romania"]
[Date "2012.02.15"]
[Round "4.18"]
[White "Neagu, Liviu"]
[Black "Miroiu, George"]
[Result "0-1"]
[WhiteElo "2122"]
[BlackElo "2342"]
[PlyCount "158"]
[EventDate "2012.??.??"]
[TimeControl "40/5400+30:900+30"]

1. e4 c6 2. d4 d5 3. Nc3 dxe4 4. Nxe4 Bf5 5. Ng3 Bg6 6. h4 h6 7. Nf3 Nd7 8. h5
Bh7 9. Bd3 Bxd3 10. Qxd3 Ngf6 11. Bd2 e6 12. O-O-O Qc7 13. Kb1 O-O-O 14. Ne4 c5
15. Nxf6 Nxf6 16. Rh4 cxd4 17. Nxd4 Bc5 18. c3 Kb8 19. Qe2 Qb6 20. Rc1 Rd7 21.
f3 Rhd8 22. Bf4+ Bd6 23. Be5 Bxe5 24. Qxe5+ Qc7 25. f4 Rd5 26. Qxc7+ Kxc7 27.
g4 e5 28. g5 hxg5 29. fxg5 Nxh5 30. Nf3 Ng3 31. c4 Rd3 32. Nxe5 Re3 33. Nxf7
Rd2 34. c5 Ne2 35. Rf1 Rd5 36. Rc4 Ng3 37. Rfc1 Ne4 38. Ka1 Nxg5 39. Nxg5 Rxg5
40. c6 b5 41. Rf4 Rc5 42. Rg1 g5 43. Rf7+ Kxc6 44. Rxa7 Rce5 45. a4 Re1+ 46.
Rxe1 Rxe1+ 47. Ka2 Re4 48. axb5+ Kxb5 49. b3 g4 50. Rg7 Kb4 51. Rb7+ Kc3 52.
Rc7+ Kd3 53. Rg7 Ke3 54. Ka3 Kf3 55. b4 g3 56. Ka4 g2 57. Rxg2 Kxg2 58. Ka5 Re1
59. b5 Kf3 60. b6 Ke4 61. b7 Rb1 62. Ka6 Kd5 63. Ka7 Kc6 64. b8=N+ Kd6 65. Na6
Rb2 66. Nb8 Kc7 67. Na6+ Kc8 68. Nc5 Rb5 69. Na6 Rb7+ 70. Ka8 Rb6 71. Ka7 Rc6
72. Nb4 Rc7+ 73. Ka8 Rb7 74. Na6 Rh7 75. Nb8 Kc7 76. Ka7 Rg7 77. Na6+ Kc6+ 78.
Ka8 Kb6 79. Nb8 Ra7# {0-1 Neagu,L-Miroiu,G/Sarata Monteoru/Romania 2012/[Robot
3]} 0-1

[Event "CN Seniori 2012"]
[Site "Sarata Monteoru/Romania"]
[Date "2012.02.15"]
[Round "4.19"]
[White "Manole, Stefan"]
[Black "Doros, Radu-Marian"]
[Result "0-1"]
[WhiteElo "2082"]
[BlackElo "2338"]
[PlyCount "74"]
[EventDate "2012.??.??"]

1. e4 c5 2. Nf3 e6 3. d4 cxd4 4. Nxd4 a6 5. Nc3 Qc7 6. g3 Nc6 7. Bg2 d6 8. O-O
Bd7 9. a4 Be7 10. Kh1 Nf6 11. f4 h5 12. Nb3 h4 13. g4 h3 14. Bf3 g5 15. e5 Nh7
16. exd6 Bxd6 17. Ne4 Bxf4 18. Bxf4 gxf4 19. Qd6 Qxd6 20. Nxd6+ Ke7 21. Nxb7
Ng5 22. N3c5 Be8 23. Rad1 Ne5 24. Be2 Bc6+ 25. Kg1 f3 26. Bxa6 Rxa6 27. Nxa6
Bxb7 28. Nc5 Ba8 29. b4 Nxg4 30. Rd7+ Kf6 31. a5 f2+ 32. Rxf2+ Nxf2 33. Kxf2
Nf3 34. Kg3 Rg8+ 35. Kxh3 Ng1+ 36. Kh4 Bf3 37. Rd4 Ne2 0-1

[Event "CN Seniori 2012"]
[Site "Sarata Monteoru/Romania"]
[Date "2012.02.15"]
[Round "4.21"]
[White "Acsinte, Matei-Ionut"]
[Black "Stanciu, Alexandru-Ovidiu"]
[Result "1/2-1/2"]
[WhiteElo "1997"]
[BlackElo "2314"]
[PlyCount "94"]
[EventDate "2012.??.??"]

1. e4 c6 2. Nc3 d5 3. Nf3 dxe4 4. Nxe4 Nf6 5. Nxf6+ gxf6 6. d4 Qd6 7. Be3 Bg4
8. Be2 Nd7 9. Nd2 Bf5 10. Nb3 Rg8 11. g4 Be4 12. f3 Bg6 13. Qd2 e6 14. O-O-O
Qb4 15. Nc5 Qxd2+ 16. Rxd2 O-O-O 17. Nxd7 Rxd7 18. a3 Bd6 19. d5 cxd5 20. Bd3
d4 21. Bh6 Bxd3 22. Rxd3 Be5 23. h4 b6 24. Rhd1 Rg6 25. Bd2 Bg3 26. h5 Rg8 27.
Kb1 e5 28. Bh6 Rgd8 29. Rh1 b5 30. Bd2 Kb7 31. Rh3 Bf2 32. Rh2 Bg3 33. Rh3 Bf2
34. Rh2 Be3 35. Bxe3 dxe3 36. Rxe3 Rd1+ 37. Ka2 R8d5 38. Rf2 R1d4 39. f4 Rxf4
40. Rxf4 exf4 41. Re4 f5 42. Rxf4 fxg4 43. Rxf7+ Kb6 44. Rxh7 g3 45. Rg7 Rxh5
46. Rxg3 Rh6 47. Rg4 Rf6 1/2-1/2

[Event "CN Seniori 2012"]
[Site "Sarata Monteoru/Romania"]
[Date "2012.02.15"]
[Round "4.22"]
[White "Voiteanu, Gabriel"]
[Black "Tufa, Mihai"]
[Result "1-0"]
[WhiteElo "2304"]
[BlackElo "2044"]
[PlyCount "65"]
[EventDate "2012.??.??"]

1. d4 Nf6 2. c4 e6 3. Nf3 Bb4+ 4. Bd2 Qe7 5. g3 Ne4 6. Bg2 Nxd2 7. Nbxd2 O-O 8.
O-O c5 9. d5 exd5 10. cxd5 Bxd2 11. Nxd2 d6 12. e4 f5 13. f4 fxe4 14. Nxe4 Bf5
15. Re1 Qd7 16. Ng5 Na6 17. Ne6 Bxe6 18. dxe6 Qe7 19. Qd5 Rab8 20. Rad1 Rfd8
21. f5 Nc7 22. Qc4 b5 23. Qf4 Rb6 24. g4 h6 25. Qg3 Rf8 26. Rd2 Ne8 27. Rf2 g6
28. fxg6 Rxf2 29. Qxf2 Nf6 30. h4 Kg7 31. g5 hxg5 32. hxg5 Ne8 33. Qf7+ 1-0

[Event "CN Seniori 2012"]
[Site "Sarata Monteoru/Romania"]
[Date "2012.02.15"]
[Round "4.23"]
[White "Dobre, Mihai"]
[Black "Pessi, Emil-George"]
[Result "1/2-1/2"]
[WhiteElo "1975"]
[BlackElo "2272"]
[PlyCount "78"]
[EventDate "2012.??.??"]

1. e4 e5 2. Nf3 d5 3. Nxe5 dxe4 4. d4 Nd7 5. Nc3 Nxe5 6. dxe5 Qxd1+ 7. Kxd1 Bf5
8. Bc4 Bb4 9. Bd2 O-O-O 10. Ke2 Nh6 11. Bxh6 gxh6 12. Nd5 Bc5 13. b4 Bf8 14.
Rad1 Re8 15. Ne3 Bg6 16. e6 Bxb4 17. exf7 Re7 18. h3 Bc5 19. Rhf1 c6 20. c3 h5
21. Nc2 Bxf7 22. Bxf7 Rxf7 23. Nd4 Rg8 24. g3 Bb6 25. h4 Ba5 26. Rc1 Re8 27.
Rc2 Bc7 28. Rg1 a6 29. Rd2 Be5 30. Rc2 Kc7 31. Ke1 c5 32. Nb3 Rf3 33. Nxc5 e3
34. fxe3 Bxg3+ 35. Kd1 Rexe3 36. Re2 Rxc3 37. Ne4 Rcd3+ 38. Kc2 Be5 39. Rg5 Bf4
1/2-1/2

[Event "CN Seniori 2012"]
[Site "Sarata Monteoru/Romania"]
[Date "2012.02.15"]
[Round "4.24"]
[White "Gilea, Lucian"]
[Black "Ursan, Cornel-Marius"]
[Result "1-0"]
[WhiteElo "2261"]
[BlackElo "1990"]
[PlyCount "55"]
[EventDate "2012.??.??"]

1. d4 d5 2. Nf3 e6 3. g3 Nf6 4. Bg2 Be7 5. O-O O-O 6. c4 Nbd7 7. Qc2 c5 8. cxd5
Nxd5 9. Nc3 N7f6 10. Nxd5 Nxd5 11. dxc5 Qc7 12. Ng5 g6 13. c6 Bd7 14. Qe4 Nf6
15. Qh4 Bxc6 16. Bxc6 bxc6 17. Bd2 Rfd8 18. Nf3 Nh5 19. Qa4 Rd5 20. Rac1 c5 21.
e4 Rd3 22. Kg2 Qb7 23. Rc3 Rad8 24. Rxd3 Rxd3 25. Bc3 Bf6 26. Qc4 Qd7 27. Bxf6
Nxf6 28. Ne5 1-0

[Event "CN Seniori 2012"]
[Site "Sarata Monteoru/Romania"]
[Date "2012.02.15"]
[Round "4.25"]
[White "Fugulyan, Grigore"]
[Black "Pop, Alexandru"]
[Result "0-1"]
[WhiteElo "1958"]
[BlackElo "2254"]
[PlyCount "86"]
[EventDate "2012.??.??"]

1. d4 Nf6 2. Nf3 g6 3. g3 Bg7 4. Bg2 O-O 5. O-O d5 6. Bg5 c5 7. c3 cxd4 8. Bxf6
Bxf6 9. cxd4 Nc6 10. e3 b6 11. Ne5 Nxe5 12. dxe5 Bxe5 13. Bxd5 Bxb2 14. Bxa8
Qxd1 15. Rxd1 Bg4 16. f3 Rxa8 17. fxg4 Bxa1 18. Na3 Be5 19. Rd7 Kf8 20. Nb5 a6
21. Nc7 Bxc7 22. Rxc7 Rd8 23. Rc2 b5 24. Kf2 Kg7 25. Kf3 Rd5 26. h4 b4 27. Rc6
a5 28. Ra6 h6 29. Ke4 e6 30. Ra7 Kf6 31. Ra6 Ke7 32. Kf3 Rc5 33. Ke4 f5+ 34.
gxf5 gxf5+ 35. Kd4 Rd5+ 36. Kc4 Kf6 37. Ra8 Re5 38. Kd4 Re4+ 39. Kd3 Rg4 40.
Rxa5 Rxg3 41. Ra8 Rg4 42. Ra4 Kg6 43. Kc2 Rxh4 0-1

[Event "CN Seniori 2012"]
[Site "Sarata Monteoru/Romania"]
[Date "2012.02.15"]
[Round "4.26"]
[White "Mosnegutu, Klauss"]
[Black "Lupascu, Matei-Alexandru"]
[Result "1/2-1/2"]
[WhiteElo "2246"]
[BlackElo "1979"]
[PlyCount "66"]
[EventDate "2012.??.??"]

1. d4 Nf6 2. c4 g6 3. Nc3 Bg7 4. e4 d6 5. f4 O-O 6. Nf3 Na6 7. Be3 Ng4 8. Bg1
e5 9. h3 exd4 10. Bxd4 Nf6 11. Kf2 Re8 12. e5 dxe5 13. Bxe5 Qe7 14. g4 Nc5 15.
Qc2 Ne6 16. Re1 Qc5+ 17. Kg3 Bd7 18. a3 a5 19. Bd3 Bc6 20. Rhf1 Rad8 21. Ne4
Nxe4+ 22. Bxe4 Bxe5 23. fxe5 Nd4 24. Qf2 Bxe4 25. Rxe4 Ne6 26. Qc2 Rd7 27. Rd1
Red8 28. Rxd7 Rxd7 29. Qc3 Rd1 30. Qc2 Rd8 31. Qc1 Qc6 32. Qe3 Rd1 33. h4 Rc1 {
indescifrabil(51 mutari)} 1/2-1/2

[Event "CN Seniori 2012"]
[Site "Sarata Monteoru/Romania"]
[Date "2012.02.15"]
[Round "4.28"]
[White "Daianu, Cristian-Clement"]
[Black "Iordachescu, Sorin-Emanuel"]
[Result "1-0"]
[WhiteElo "2242"]
[BlackElo "1876"]
[PlyCount "46"]
[EventDate "2012.??.??"]

1. e4 d6 2. d4 Nf6 3. Nc3 g6 4. Be2 Bg7 5. h4 h5 6. Nf3 c5 7. dxc5 Qa5 8. Ng5
Qxc5 9. Be3 Qa5 10. Qd2 Nc6 11. f3 Bd7 12. Bc4 O-O 13. Bb3 Rac8 14. O-O-O a6
15. Kb1 b5 16. g4 hxg4 17. h5 gxh5 18. Rdf1 Ne5 19. Qf2 Nc4 20. e5 dxe5 21.
Nge4 Bf5 22. Nxf6+ exf6 23. fxg4 hxg4 1-0

[Event "CN Seniori 2012"]
[Site "Sarata Monteoru/Romania"]
[Date "2012.02.15"]
[Round "4.29"]
[White "Pribeanu, Mihail-Dacian"]
[Black "Mongescu, Lucian"]
[Result "1-0"]
[WhiteElo "2186"]
[BlackElo "1984"]
[PlyCount "117"]
[EventDate "2012.??.??"]

1. e4 e6 2. d3 d5 3. Nd2 c5 4. Ngf3 Nc6 5. g3 Be7 6. Bg2 Nf6 7. O-O O-O 8. Re1
Qc7 9. e5 Nd7 10. Qe2 Rb8 11. Nf1 b5 12. Bf4 b4 13. Ne3 Qd8 14. h4 a5 15. Ng4
Ra8 16. c3 Ba6 17. Qd2 Rc8 18. Bg5 Bxg5 19. hxg5 Kh8 20. Rad1 Ne7 21. Nh4 Ng6
22. Nxg6+ fxg6 23. f4 Nb6 24. Bf3 Qe7 25. Kg2 Bb7 26. Nf2 Rcd8 27. Rh1 c4 28.
d4 Rf7 29. Rh2 Nd7 30. Rdh1 Nf8 31. Bd1 Bc6 32. Bc2 Kg8 33. Qd1 Rf5 34. Qf3 Qf7
35. Ng4 Rb8 36. Rb1 b3 37. axb3 cxb3 38. Bd3 Bb5 39. Bxb5 Rxb5 40. Ne3 Qb7 41.
Nxf5 gxf5 42. Qh5 g6 43. Qe2 a4 44. Ra1 Ra5 45. g4 Qc6 46. gxf5 exf5 47. e6
Qxe6 48. Qxe6+ Nxe6 49. Kf3 Nf8 50. Re2 Kf7 51. Rae1 Ra7 52. Re5 Ra5 53. Re7+
Kg8 54. Rb7 Kh8 55. Re8 Kg8 56. Rbb8 a3 57. Rxf8+ Kg7 58. Rfc8 Kf7 59. Rc7+ 1-0

[Event "CN Seniori 2012"]
[Site "Sarata Monteoru/Romania"]
[Date "2012.02.15"]
[Round "4.30"]
[White "Bida, Mihai-Eugen"]
[Black "Toma, Mihail"]
[Result "1-0"]
[WhiteElo "2183"]
[BlackElo "1964"]
[PlyCount "61"]
[EventDate "2012.??.??"]

1. e4 d5 2. exd5 Qxd5 3. Nc3 Qa5 4. d4 Nf6 5. Bc4 Bf5 6. Nf3 c6 7. Bd2 e6 8.
Qe2 Bb4 9. Ne5 Nbd7 10. Nxd7 Nxd7 11. a3 Bxc3 12. Bxc3 Qc7 13. O-O-O O-O-O 14.
f3 Nb6 15. Bb3 Rhe8 16. Kb1 h5 17. g4 Bg6 18. Be1 Qe7 19. gxh5 Bf5 20. Bg3 f6
21. Qd2 Na8 22. h6 gxh6 23. Qxh6 b6 24. Qf4 Kb7 25. Ka1 Nc7 26. c4 Na6 27. Ba4
Rh8 28. d5 cxd5 29. cxd5 Nb8 30. dxe6 Bxe6 31. Qe4+ 1-0

[Event "CN Seniori 2012"]
[Site "Sarata Monteoru/Romania"]
[Date "2012.02.15"]
[Round "4.31"]
[White "David, Alexandru-Vasile"]
[Black "Tomici, Stefan"]
[Result "1-0"]
[WhiteElo "1968"]
[BlackElo "2147"]
[PlyCount "62"]
[EventDate "2012.??.??"]

1. d4 d5 2. c4 e6 3. Nc3 c5 4. cxd5 exd5 5. Nf3 Nc6 6. dxc5 d4 7. Na4 b5 8.
cxb6 Ba6 9. b3 Nf6 10. a3 axb6 11. e3 d3 12. Nb2 Ne4 13. Bxd3 Bxd3 14. Qxd3
Qxd3 15. Nxd3 Nb4 16. Nxb4 Bxb4+ 17. Ke2 Bc3 18. Ra2 O-O 19. Rc2 Bf6 20. Nd4
Rfe8 21. Rd1 h5 22. Bb2 Nc5 23. b4 Na4 24. Ba1 Rad8 25. Nb3 Rxd1 26. Kxd1 Bxa1
27. Nxa1 Rd8+ 28. Ke2 Ra8 29. Nb3 Kf8 30. Nd4 g6 31. Kd2 Ke7 1-0

[Event "CN Seniori 2012"]
[Site "Sarata Monteoru/Romania"]
[Date "2012.02.15"]
[Round "4.32"]
[White "Vrencian, Lehel"]
[Black "Stegariu, Alexandru"]
[Result "0-1"]
[WhiteElo "1874"]
[BlackElo "2122"]
[PlyCount "76"]
[EventDate "2012.??.??"]

1. e4 c5 2. Nf3 e6 3. d4 cxd4 4. Nxd4 a6 5. c4 Nf6 6. Nc3 d6 7. Be3 Be7 8. Be2
b6 9. O-O Bb7 10. f3 Nbd7 11. Rc1 O-O 12. Kh1 Rc8 13. Qd2 Qc7 14. Rfd1 Qb8 15.
Bf2 Qa8 16. Qe3 Rfe8 17. h3 Bf8 18. Bh4 Ne5 19. Na4 Nfd7 20. Bg3 Bc6 21. Nxc6
Qxc6 22. b3 Qb7 23. Nc3 Nf6 24. f4 Nc6 25. Rd2 e5 26. Rcd1 Nd4 27. Bh4 Nxe2 28.
Qxe2 Nd7 29. Qg4 exf4 30. Qxf4 b5 31. Nd5 bxc4 32. Rf1 Ne5 33. Qg3 Ng6 34. Rdf2
Rxe4 35. Nf4 Rxf4 36. Rxf4 Nxf4 37. Qxf4 cxb3 38. axb3 Qxb3 0-1